000 01057nam a2200241 4500
001 116120
003 ES-MaACL
005 20251210134307.0
007 t|
008 061121m19101921fr r ||||1| fre d
100 1 _aParis, Pierre.
_989141
245 1 0 _aPromenades archeologiques en Espagne /
_cPierre Paris.
260 _aParis :
_bErnest Leroux,
_c1910-1921.
300 _a2 v. :
_bil. ;
_c19 cm.
505 8 _aContiene: I. Altamira ; Le Cerro de los Santos ; Elche ; Carmona : Osuna ; Numance ; Tarragone - II. Antequera ; Alpera et Meca ; Emporium Sagonte ; Mérida ; Bolonia ; Le Palais de Liria á Madrid.
530 _aDisponible en formato digital.
651 4 _aEspaña-
_xRestos arqueológicos.
_98485
852 _aES-MaACL
_jF-9775-76
_cSPP2
856 4 _uhttp://www.bibliotecavirtualdeandalucia.es/catalogo/es/consulta/registro.do?id=1040267
_y(Biblioteca Virtual de Andalucía)
856 4 _uhttp://bdh-rd.bne.es/viewer.vm?id=0000191135&page=1
_z(V. 1)
_y(Biblioteca Digital Hispánica )
942 _2udc
999 _c116120
_d116120